Chimie organique : Cours et 64 exercices corrigés : 1ère année MPSI, PCSI, PTSI (Record no. 16031)
[ view plain ]
| 000 -LEADER | |
|---|---|
| fixed length control field | 00923 a2200265 4500 |
| 035 ## - SYSTEM CONTROL NUMBER | |
| System control number | 14485 |
| 035 ## - SYSTEM CONTROL NUMBER | |
| System control number | 14486 |
| 020 ## - NUMERO INTERNATIONAL NORMALISE DES LIVRES | |
| International Standard Book Number | 2-10-004214-9 |
| 100 ## - VEDETTE PRINCIPALE - NOM DE PERSONNE | |
| Personal name | BECAM, Annick |
| 130 ## - VEDETTE PRINCIPALE - TITRE UNIFORME | |
| Language of a work | Fr. |
| 260 ## - PUBLICATION, DISTRIBUTION, ETC. (IMPRINT) | |
| Place of publication, distribution, etc | Paris |
| 260 ## - PUBLICATION, DISTRIBUTION, ETC. (IMPRINT) | |
| Name of publisher, distributor, etc | Dunod |
| 245 ## - TITLE STATEMENT | |
| Title | Chimie organique : Cours et 64 exercices corrigés : 1ère année MPSI, PCSI, PTSI |
| 260 ## - PUBLICATION, DISTRIBUTION, ETC. (IMPRINT) | |
| Date of publication, distribution, etc | 2000 |
| 300 ## - PHYSICAL DESCRIPTION | |
| Extent | I-X ; 1-236 p. |
| 300 ## - PHYSICAL DESCRIPTION | |
| Other physical details | fig ; 24 cm équipé de CDROM |
| 440 ## - SERIES STATEMENT/ADDED ENTRY--TITLE | |
| Title | (J'intègre; série Jean LE HIR) |
| 650 ## - SUBJECT ADDED ENTRY--TOPICAL TERM | |
| Topical term or geographic name as entry element | <chimie organique><structure électronique des molécules><champ cristallin><thermodynamique des systèmes chimiques><Réactivité en chimie organique><Matériaux organiques thermoplastiques><organomagnétisiens mixtes> |
| 700 ## - ADDED ENTRY--PERSONAL NAME | |
| Personal name | LALANDE, Julien |
| 700 ## - ADDED ENTRY--PERSONAL NAME | |
| Personal name | LE HIR, Jean |
| Withdrawn status | Lost status | Damaged status | Not for loan | Location (home branch) | Sublocation or collection (holding branch) | Date acquired | Koha issues (times borrowed) | Koha full call number | Koha date last seen | Price effective from | Koha item type |
|---|---|---|---|---|---|---|---|---|---|---|---|
| Bibliothèque Ecole Polytechnique d'Abomey-Calavi | Bibliothèque Ecole Polytechnique d'Abomey-Calavi | 27/02/2009 | 547.0202/B388c | 27/02/2009 | 27/02/2009 | Livre |